000 00606cam a22002291 4500
001 he 67002049
003 DLC
005 20260227111451.0
008 840703s1880 li 000 0 heb
010 _ahe 67002049
035 _a(OCoLC)19155286
040 _aDLC
_cMH
_dDLC
042 _apremarc
050 0 0 _aBM522.59
_b.R38 1880
100 1 _aKreines, Moses,
_d1843-1896.
245 1 0 _aSheʼelot u-teshuvot Ohel Mosheh.
260 _aVilna :
_bBi-defus Y. L. Matz,
_c1880.
300 _a52 p. ;
_c28 cm.
650 0 _aResponsa
_y1800-1948.
740 0 _aOhel Mosheh.
752 _aLithuania
_dVilna
999 _c32716
_d32716